ბათუმის შოთა რუსთაველის სახელმწიფო უნივერსიტეტის ბიბლიოთეკა

ქართული ენის ტესტი : ზოგადი უნარ-ჩვევათა გამომუშავებისათვის : (ბიბ.ჩანაწერი № 54772)

000 -ლიდერი
ფიქსირებული სიგრძის საკონტროლო ველი 01272nam a2200265Ia 4500
001 - საკონტროლო ნომერი
საკონტროლო ველი 21840
003 - საკონტროლო ნომრის იდენტიფიკატორი
საკონტროლო ველი GE_BSU
005 - ბოლო ოპერაციის თარიღი და დრო
საკონტროლო ველი 20220606174326.0
008 - ფიქსირებული სიგრძის მონაცემთა ელემენტები - ზოგადი ინფორმაცია
ფიქსირებული სიგრძის საკონტროლო ველი 181216s||||||||xx |||||||||||||| ||und||
040 ## - კატალოგიზაციის წყარო
Transcribing agency GE_BSU
041 ## - ენის კოდი
Language code of text/sound track or separate title geo
080 ## - უნივერსალური ათობითი კლასიფიკაციის ინდექსი
Universal Decimal Classification number 811.353.1(076.3) + 371.277.2 მ-97
100 ## - მთავარი ჩანაწერი - პიროვნების სახელი
Personal name მწყერაშვილი, ზ.
9 (RLIN) 13963
245 ## - ცნობა სათაურის შესახებ
Title ქართული ენის ტესტი : ზოგადი უნარ-ჩვევათა გამომუშავებისათვის :
Remainder of title მე-3 კლასი /
Statement of responsibility, etc ზ. მწყერაშვილი, ნ. მიქაია.
264 ## - წარმოების, გამოცემის, დისტრიბუციის და სხვა ცნობები
გამოცემის, წარმოების, დისტრიბუციის... ადგილი თბილისი :
გამოცემის, წარმოების, დისტრიბუციის... სახელწოდება [?],
გამოცემის, წარმოების, დისტრიბუციის... თარიღი 2008.
300 ## - ფიზიკური აღწერა
Extent 28 გვ. ;
Dimensions 30 სმ.
500 ## - ზოგადი შენიშვნა
General note წანართი : საქართველოს სახელმწელმწიფო ჰიმნი "თავისუფლება"
653 ## - INDEX TERM--UNCONTROLLED
Uncontrolled term ქართული ენა
653 ## - INDEX TERM--UNCONTROLLED
Uncontrolled term ქართული ენის ტესტი
653 ## - INDEX TERM--UNCONTROLLED
Uncontrolled term ზოგადი უნარ-ჩვევათა გამომუშავებისათვის
653 ## - INDEX TERM--UNCONTROLLED
Uncontrolled term მე-3 კლასი
700 ## - ADDED ENTRY--PERSONAL NAME
Personal name მიქაია, ნ.
Relator term ავტორი
9 (RLIN) 13997
942 ## - ADDED ENTRY ELEMENTS (KOHA)
Koha item type წიგნი
Source of classification or shelving scheme
ეგზემპლარები
ჩამოწერის სტატუსი დაკარგული ეგზემპლარის სტატუსი კლასიფიკაციის წყარო ან თაროზე გაწყობის სქემა დაზიანების სტატუსი არ გაიცემა მუდმივი მდებარეობა (დაცვის ადგილი) ამჟამინდელი ადგილსამყოფელი თაროზე განთავსების ადგილი შეძენის თარიღი ღირებულება, შესყიდვის ნორმალური ფასი სრული შენახვის შიფრი შტრიხკოდი ბოლო ოპერაციის თარიღი ეგზემპლარის მიმდევრობითი ნომერი (კეტერი?) ფასის ძალაში შესვლის თარიღი ეგზემპლარის სახეობა საჯარო შენიშვნა
          ბათუმის შოთა რუსთაველის სახელმწიფო უნივერსიტეტის მთავარი ბიბლიოთეკა ბათუმის შოთა რუსთაველის სახელმწიფო უნივერსიტეტის მთავარი ბიბლიოთეკა წიგნსაცავი 2018-12-17 4.00 811.353.1(076.3) + 371.277.2 მ-97 56349 2018-12-17 56349 2018-12-17 წიგნი 4.00 ₾.